Kashi Prasad Jayaswal: (Record no. 190173)

MARC details
000 -LEADER
fixed length control field 00578nam a22001817a 4500
005 - DATE AND TIME OF LATEST TRANSACTION
control field 20220719164213.0
010 ## - LCCN (DPL NO)
LC control number ENG-133712
020 ## - INTERNATIONAL STANDARD BOOK NUMBER
Terms of availability 995.00
International Standard Book Number 9789350025284
035 ## - SYSTEM CONTROL NUMBER
System control number EN-117244
037 ## - SOURCE OF ACQUISITION
Source of stock number/acquisition DBAD/PUB
082 ## - DEWEY DECIMAL CLASSIFICATION NUMBER
Classification number 954
100 ## - MAIN ENTRY--PERSONAL NAME
Personal name Lal, Ratan
245 ## - TITLE STATEMENT
Title Kashi Prasad Jayaswal:
Remainder of title The making of a 'Nationalist' Historian/
Statement of responsibility, etc Ratan Lal
260 ## - PUBLICATION, DISTRIBUTION, ETC. (IMPRINT)
Place of publication, distribution, etc Delhi
Name of publisher, distributor, etc Aakar books
Date of publication, distribution, etc 2018
270 ## - ADDRESS
Address 28 E Pocket IV, Mayur Vihar, Phase-I
City Delhi
Postal code 110091
Electronic mail address aakarbooks@gmail.com
300 ## - PHYSICAL DESCRIPTION
Extent 343 p.
Dimensions 23cm(pbk)
Other physical details Appendix, Index
942 ## - ADDED ENTRY ELEMENTS (KOHA)
Source of classification or shelving scheme Dewey Decimal Classification
Item type English Books
Classification part 954
Call number suffix LAL
Holdings
Withdrawn status Lost status Not for loan Collection code Home library Current library Date acquired Source of acquisition Cost, normal purchase price Full call number Barcode Copy number Cost, replacement price Koha item type
      Non-fiction Bawana Bawana 19/07/2022 DBAD/PUB 995.00 954 LAL EN-117244 1 995.00 English Books

© Delhi Public Library
Hit Counter
free hit counter